00854nam a22002297a 4500010001400000020002600014035001300040037001300053082001400066100002200080245005700102260005800159270007300217300002500290500001900315650003200334650004000366650004600406942002800452999001700480952012700497 aENG-97490 a9788184350234c675.00 aEN-81023 bDBAD/PUB a307.14068 aB. K. Singh93880 aPRA/PLA and participating training /cby B. K. Singh aNew DelhibAdhyayan Publishers and Distributorsc2008 a4378/4B, JMD House Murali Lal Street, Ansari RoadbNew Delhie110002 avi, 249p.c22cm (Hb) aIncludes index aCommunity development93881 aParticipatory rural appraisal93882 aRural development personal training93883 2ddccENh307.14068mBKS c38381d38381 001040718NFICaDBADbDBADd2010-07-31eDBAD/PUBg675.00l0o307.14068 BKSpEN-81023r2010-07-31 00:00:00t1v675.00yEN